| 000 | 00416nam a2200181Ia 4500 | ||
|---|---|---|---|
| 001 | 10567 | ||
| 005 | 20260306161841.0 | ||
| 008 | 260306t1966||||xx |||||||||||||| ||spa|| | ||
| 041 | _aESP | ||
| 082 |
_a940.284 _bP77 |
||
| 100 |
_aPonteil, Felix _eAUT |
||
| 245 | 0 | _aLa revolución de 1848 | |
| 260 | _c1966 | ||
| 300 |
_a226 pƔginas : _c20 cm. |
||
| 650 | _aGEN | ||
| 654 | _aCHU | ||
| 942 |
_cLIB _dJUS _fJUS _2ddc _n |
||
| 999 |
_c10567 _d10567 |
||